Measuring the Quantum State of Light. (Record no. 5524)

MARC details
000 -LEADER
fixed length control field 00518nam a22001937a 4500
003 - CONTROL NUMBER IDENTIFIER
control field OSt
005 - DATE AND TIME OF LATEST TRANSACTION
control field 20170213130858.0
008 - FIXED-LENGTH DATA ELEMENTS--GENERAL INFORMATION
fixed length control field 170213b xxu||||| |||| 00| 0 eng d
020 ## - INTERNATIONAL STANDARD BOOK NUMBER
International Standard Book Number 0521497302
040 ## - CATALOGING SOURCE
Transcribing agency DDC.
082 ## - DEWEY DECIMAL CLASSIFICATION NUMBER
Classification number 535.15LEO 1997.
100 ## - MAIN ENTRY--PERSONAL NAME
Personal name Leonhardt,Ulf;
9 (RLIN) 11523
245 ## - TITLE STATEMENT
Title Measuring the Quantum State of Light.
260 ## - PUBLICATION, DISTRIBUTION, ETC. (IMPRINT)
Place of publication, distribution, etc. UK.
Name of publisher, distributor, etc. Cambridge University press.
Date of publication, distribution, etc. 1997.
300 ## - PHYSICAL DESCRIPTION
Extent viii,194p;
Other physical details ill;
Dimensions 24cm.
504 ## - BIBLIOGRAPHY, ETC. NOTE
Bibliography, etc Bibliography and index.
650 ## - SUBJECT ADDED ENTRY--TOPICAL TERM
Topical term or geographic name as entry element Physics.
9 (RLIN) 809
942 ## - ADDED ENTRY ELEMENTS (KOHA)
Source of classification or shelving scheme Dewey Decimal Classification
Koha item type Open Shelf
Holdings
Withdrawn status Lost status Source of classification or shelving scheme Damaged status Not for loan Home library Current library Date acquired Inventory number Total Checkouts Full call number Barcode Date last seen Price effective from Koha item type Source of acquisition
    Dewey Decimal Classification     MUST Main Library MUST Main Library 13/02/2017 06/26861   535.15LEO 1997. 2017-0153 13/02/2017 13/02/2017 Open Shelf  
    Dewey Decimal Classification     MUST Main Library MUST Main Library 13/02/2017 06/26860   535.15LEO 1997. 2017-0154 13/02/2017   Open Shelf  
    Dewey Decimal Classification     MUST Main Library MUST Main Library 13/02/2017 06/26862   535.15LEO 1997. 2017-0155 13/02/2017   Open Shelf  
    Dewey Decimal Classification     MUST Main Library MUST Main Library   04/22920   535.15LEO 1997. 2024-20841 18/06/2024   Open Shelf Purchase